Giáo trình viết và đọc tên thuốc : Đối tượng: Dược sĩ trung học (Dùng trong các trường THCN)

Nguyên tắc viết và đọc các nguyên âm - phụ âm trong tiếng Latin. Sơ lược ngữ pháp tiếng La tinh. Nguyên tắc viết tên thuốc bằng tiếng Việt theo thuật ngữ tiếng Latin. Các từ viết tắt thường dùng trên nhãn thuốc, đơn thuốc...

पूर्ण विवरण

में बचाया:
ग्रंथसूची विवरण
मुख्य लेखक: Nguyễn, Thúy Dần
स्वरूप: पुस्तक
भाषा:Undetermined
प्रकाशित: Hà Nội Nhà xuất bản Hà Nội 2007
विषय:
टैग : टैग जोड़ें
कोई टैग नहीं, इस रिकॉर्ड को टैग करने वाले पहले व्यक्ति बनें!
Thư viện lưu trữ: Trung tâm Học liệu Trường Đại học Cần Thơ
LEADER 01138nam a2200229Ia 4500
001 CTU_142801
008 210402s9999 xx 000 0 und d
020 |c 12500 
082 |a 615 
082 |b D121 
100 |a Nguyễn, Thúy Dần 
245 0 |a Giáo trình viết và đọc tên thuốc : 
245 0 |b Đối tượng: Dược sĩ trung học (Dùng trong các trường THCN) 
245 0 |c Nguyễn Thúy Dần (ch.b.), Ma Hồng Nga, Phạm Hằng Nga 
260 |a Hà Nội 
260 |b Nhà xuất bản Hà Nội 
260 |c 2007 
520 |a Nguyên tắc viết và đọc các nguyên âm - phụ âm trong tiếng Latin. Sơ lược ngữ pháp tiếng La tinh. Nguyên tắc viết tên thuốc bằng tiếng Việt theo thuật ngữ tiếng Latin. Các từ viết tắt thường dùng trên nhãn thuốc, đơn thuốc 
650 |a Pharmacology,Dược học 
650 |x Terminology,Thuật ngữ 
904 |i Hạ Nguyên 
980 |a Trung tâm Học liệu Trường Đại học Cần Thơ